Alle Länder der Welt nach Buchstabennummern - Statistiken

Allgemein
  • Dieses Quiz wurde 45 mal gespielt
  • Das Durchschnittsergebnis liegt bei 93 aus 196
Antwortstatistiken
Code Land % Korrekt
19 5 25 3 8 5 12 12 5 14 Seychellen
82%
2 1 8 18 1 9 14 Bahrain
79%
13 1 12 9 Mali
79%
20 19 3 8 5 3 8 9 5 14 Tschechien
75%
2 5 12 1 18 21 19 Belarus
71%
2 21 18 21 14 4 9 Burundi
71%
19 25 18 9 5 14 Syrien
71%
5 3 21 1 4 15 18 Ecuador
68%
6 9 4 19 3 8 9 Fidschi
68%
4 15 13 9 14 9 3 1 Dominica
64%
7 21 9 14 5 1 Guinea
64%
12 5 19 15 20 8 15 Lesotho
64%
18 5 16 21 2 12 9 11 11 15 14 7 15 Republik Kongo
64%
19 18 9 12 1 14 11 1 Sri Lanka
64%
20 21 18 11 5 9 Türkei
64%
2 5 12 7 9 5 14 Belgien
61%
14 9 3 1 18 1 7 21 1 Nicaragua
61%
14 9 5 4 5 18 12 1 14 4 5 Niederlande
61%
19 9 5 18 18 1 12 5 15 14 5 Sierra Leone
61%
19 21 18 9 14 1 13 5 Suriname
61%
2 18 1 19 9 12 9 5 14 Brasilien
57%
3 8 9 14 1 China
57%
5 19 20 12 1 14 4 Estland
57%
9 18 1 14 Iran
57%
11 1 14 1 4 1 Kanada
57%
13 1 18 15 11 11 15 Marokko
57%
14 9 7 5 18 9 1 Nigeria
57%
19 1 13 2 9 1 Sambia
57%
19 12 15 23 1 11 5 9 Slowakei
57%
22 5 18 5 9 14 9 7 20 5 19 11 15 14 9 7 18 5 9 3 8 Vereinigtes Königreich
57%
1 14 4 15 18 18 1 Andorra
54%
2 1 18 2 1 4 15 19 Barbados
54%
2 15 20 19 23 1 14 1 Botswana
54%
4 5 21 20 19 3 8 12 1 14 4 Deutschland
54%
13 15 14 7 15 12 5 9 Mongolei
54%
15 13 1 14 Oman
54%
15 19 20 20 9 13 15 18 Osttimor
54%
19 1 14 13 1 18 9 14 15 San Marino
54%
26 5 14 20 18 1 12 1 6 18 9 11 1 14 9 19 3 8 5 18 5 16 21 2 12 9 11 Zentralafrikanische Republik
54%
1 12 7 5 18 9 5 14 Algerien
50%
1 21 19 20 18 1 12 9 5 14 Australien
50%
2 5 14 9 14 Benin
50%
2 15 19 14 9 5 14 21 14 4 8 5 18 26 5 7 15 23 9 14 1 Bosnien und Herzegowina
50%
4 5 13 15 11 18 1 20 9 19 3 8 5 18 5 16 21 2 12 9 11 11 15 14 7 15 Demokratische Republik Kongo
50%
4 15 13 9 14 9 11 1 14 9 19 3 8 5 18 5 16 21 2 12 9 11 Dominikanische Republik
50%
5 12 6 5 14 2 5 9 14 11 21 19 20 5 Elfenbeinküste
50%
7 21 25 1 14 1 Guyana
50%
11 1 13 2 15 4 19 3 8 1 Kambodscha
50%
11 15 19 15 22 15 Kosovo
50%
12 9 2 1 14 15 14 Libanon
50%
14 1 13 9 2 9 1 Namibia
50%
16 1 18 1 7 21 1 25 Paraguay
50%
16 5 18 21 Peru
50%
19 20 11 9 20 20 19 21 14 4 14 5 22 9 19 St. Kitts und Nevis
50%
19 21 4 19 21 4 1 14 Südsudan
50%
20 1 14 19 1 14 9 1 Tansania
50%
2 15 12 9 22 9 5 14 Bolivien
46%
2 21 12 7 1 18 9 5 14 Bulgarien
46%
2 21 18 11 9 14 1 6 1 19 15 Burkina Faso
46%
3 8 9 12 5 Chile
46%
4 19 3 8 9 2 21 20 9 Dschibuti
46%
5 12 19 1 12 22 1 4 15 18 El Salvador
46%
6 15 4 5 18 9 5 18 20 5 19 20 1 1 20 5 14 22 15 14 13 9 11 18 15 14 5 19 9 5 14 Föderierte Staaten von Mikronesien
46%
7 1 2 21 14 Gabun
46%
7 5 15 18 7 9 5 14 Georgien
46%
7 18 9 5 3 8 5 14 12 1 14 4 Griechenland
46%
7 21 9 14 5 1 2 9 19 19 1 21 Guinea-Bissau
46%
8 1 9 20 19 Haiti
46%
8 15 14 4 21 18 1 19 Honduras
46%
9 18 12 1 14 4 Irland
46%
9 19 18 1 5 12 Israel
46%
9 20 1 12 9 5 14 Italien
46%
10 5 13 5 14 Jemen
46%
10 15 18 4 1 14 9 5 14 Jordanien
46%
11 1 16 22 5 18 4 5 Kap Verde
46%
11 1 19 1 3 8 19 20 1 14 Kasachstan
46%
11 9 18 7 9 19 9 19 20 1 14 Kirgisistan
46%
11 9 18 9 2 1 20 9 Kiribati
46%
11 15 13 15 18 5 14 Komoren
46%
11 18 15 1 20 9 5 14 Kroatien
46%
11 21 23 1 9 20 Kuwait
46%
13 1 4 1 7 1 19 11 1 18 Madagaskar
46%
13 1 12 1 25 19 9 1 Malaysia
46%
13 1 21 18 5 20 1 14 9 5 14 Mauretanien
46%
13 5 24 9 11 15 Mexiko
46%
13 15 12 4 1 23 9 5 14 Moldawien
46%
13 15 19 1 13 2 9 11 Mosambik
46%
14 1 21 18 21 Nauru
46%
14 5 16 1 12 Nepal
46%
14 9 7 5 18 Niger
46%
14 15 18 23 5 7 5 14 Norwegen
46%
16 1 14 1 13 1 Panama
46%
18 21 13 1 14 9 5 14 Rumänien
46%
19 1 21 4 9 1 18 1 2 9 5 14 Saudi-Arabien
46%
19 5 18 2 9 5 14 Serbien
46%
19 9 13 2 1 2 23 5 Simbabwe
46%
19 12 15 23 5 14 9 5 14 Slowenien
46%
19 16 1 14 9 5 14 Spanien
46%
19 21 4 1 14 Sudan
46%
19 21 4 11 15 18 5 1 Südkorea
46%
20 1 4 19 3 8 9 11 9 19 20 1 14 Tadschikistan
46%
20 1 9 23 1 14 Taiwan
46%
20 15 14 7 1 Tonga
46%
20 19 3 8 1 4 Tschad
46%
20 21 18 11 13 5 14 9 19 20 1 14 Turkmenistan
46%
20 21 22 1 12 21 Tuvalu
46%
21 7 1 14 4 1 Uganda
46%
21 11 18 1 9 14 5 Ukraine
46%
21 18 21 7 21 1 25 Uruguay
46%
21 19 2 5 11 9 19 20 1 14 Usbekistan
46%
22 5 14 5 26 21 5 12 1 Venezuela
46%
22 5 18 5 9 14 9 7 20 5 19 20 1 1 20 5 14 Vereinigte Staaten
46%
22 9 5 20 14 1 13 Vietnam
46%
1 6 7 8 1 14 9 19 20 1 14 Afghanistan
43%
1 17 21 1 20 15 18 9 1 12 7 21 9 14 5 1 Äquatorial-Guinea
43%
1 20 8 9 15 16 9 5 14 Äthiopien
43%
2 1 8 1 13 1 19 Bahamas
43%
2 1 14 7 12 1 4 5 19 3 8 Bangladesch
43%
2 5 12 9 26 5 Belize
43%
4 1 14 5 13 1 18 11 Dänemark
43%
6 9 14 14 12 1 14 4 Finnland
43%
9 14 4 9 5 14 Indien
43%
9 14 4 15 14 5 19 9 5 14 Indonesien
43%
9 18 1 11 Irak
43%
9 19 12 1 14 4 Island
43%
10 1 13 1 9 11 1 Jamaika
43%
11 1 13 5 18 21 14 Kamerun
43%
12 1 15 19 Laos
43%
12 5 20 20 12 1 14 4 Lettland
43%
12 9 5 3 8 20 5 14 19 20 5 9 14 Liechtenstein
43%
12 9 20 1 21 5 14 Litauen
43%
12 21 24 5 13 2 21 18 7 Luxemburg
43%
13 1 12 1 23 9 Malawi
43%
13 1 12 5 4 9 22 5 14 Malediven
43%
14 15 18 4 13 1 26 5 4 15 14 9 5 14 Nordmazedonien
43%
16 1 16 21 1 14 5 21 7 21 9 14 5 1 Papua-Neuguinea
43%
16 8 9 12 9 16 16 9 14 5 14 Philippinen
43%
16 15 18 20 21 7 1 12 Portugal
43%
18 21 1 14 4 1 Ruanda
43%
18 21 19 19 12 1 14 4 Russland
43%
19 1 12 15 13 15 14 5 14 Salomonen
43%
19 3 8 23 5 4 5 14 Schweden
43%
19 3 8 23 5 9 26 Schweiz
43%
20 8 1 9 12 1 14 4 Thailand
43%
20 15 7 15 Togo
43%
21 14 7 1 18 14 Ungarn
43%
22 1 20 9 11 1 14 19 20 1 4 20 Vatikanstadt
43%
1 12 2 1 14 9 5 14 Albanien
39%
1 14 7 15 12 1 Angola
39%
1 14 20 9 7 21 1 21 14 4 2 1 18 2 21 4 1 Antigua und Barbuda
39%
1 18 7 5 14 20 9 14 9 5 14 Argentinien
39%
1 18 13 5 14 9 5 14 Armenien
39%
1 19 5 18 2 1 9 4 19 3 8 1 14 Aserbaidschan
39%
2 8 21 20 1 14 Bhutan
39%
2 18 21 14 5 9 Brunei
39%
3 15 19 20 1 18 9 3 1 Costa Rica
39%
5 18 9 20 18 5 1 Eritrea
39%
5 19 23 1 20 9 14 9 Eswatini
39%
6 18 1 14 11 18 5 9 3 8 Frankreich
39%
7 1 13 2 9 1 Gambia
39%
7 8 1 14 1 Ghana
39%
7 18 5 14 1 4 1 Grenada
39%
7 21 1 20 5 13 1 12 1 Guatemala
39%
10 1 16 1 14 Japan
39%
11 1 20 1 18 Katar
39%
11 5 14 9 1 Kenia
39%
11 15 12 21 13 2 9 5 14 Kolumbien
39%
11 21 2 1 Kuba
39%
12 9 2 5 18 9 1 Liberia
39%
12 9 2 25 5 14 Libyen
39%
13 1 12 20 1 Malta
39%
13 1 18 19 8 1 12 12 9 14 19 5 12 14 Marshallinseln
39%
13 1 21 18 9 20 9 21 19 Mauritius
39%
13 15 14 1 3 15 Monaco
39%
13 25 1 14 13 1 18 Myanmar
39%
14 5 21 19 5 5 12 1 14 4 Neuseeland
39%
14 15 18 4 11 15 18 5 1 Nordkorea
39%
15 19 20 5 18 18 5 9 3 8 Österreich
39%
16 1 11 9 19 20 1 14 Pakistan
39%
16 1 12 1 21 Palau
39%
16 15 12 5 14 Polen
39%
19 1 13 15 1 Samoa
39%
19 1 15 20 15 13 5 21 14 4 16 18 9 14 3 9 16 5 São Tomé und Príncipe
39%
19 5 14 5 7 1 12 Senegal
39%
19 9 14 7 1 16 21 18 Singapur
39%
19 15 13 1 12 9 1 Somalia
39%
19 20 12 21 3 9 1 St. Lucia
39%
19 20 22 9 14 3 5 14 20 21 14 4 4 9 5 7 18 5 14 1 4 9 14 5 14 St. Vincent und die Grenadinen
39%
19 21 4 1 6 18 9 11 1 Südafrika
39%
20 18 9 14 9 4 1 4 21 14 4 20 15 2 1 7 15 Trinidad und Tobago
39%
20 21 14 5 19 9 5 14 Tunesien
39%
22 1 14 21 1 20 21 Vanuatu
39%
22 5 18 5 9 14 9 7 20 5 1 18 1 2 9 19 3 8 5 5 13 9 18 1 20 5 Vereinigte Arabische Emirate
39%
26 25 16 5 18 14 Zypern
39%
1 7 25 16 20 5 14 Ägypten
36%
13 15 14 20 5 14 5 7 18 15 Montenegro
36%
Keine übereinstimmenden Quizze gefunden
Verteilung der Resultate
Anzahl Personen mit jedem Resultat
Perzentil nach korrekt beantworteten Fragen
Ihre Resultats-Entwicklung
Sie haben dieses Quiz noch nicht gespielt